City to continent #4 - Statistics

General Stats
  • This quiz has been taken 14 times
  • The average score is 6 of 15
Answer Stats
City Continent % Correct
Portsmouth Europe
92%
Port Moresby Oceania
92%
Porto Europe
77%
Port of Spain North America
77%
Port Louis Africa
69%
Port Harcourt Africa
62%
Porto Alegre South America
62%
Port Arthur (Lüshunkou) Asia
23%
Puerto Plata North America
15%
Port aux Français Antarctica
8%
Puerto Princesa Asia
8%
Port Charlotte North America
8%
Port Macquarie Oceania
8%
Port Edward Africa
0%
Porto Seguro South America
0%
No matching quizzes found
Score Distribution
Percent of People with Each Score
Percentile by Number Answered
Your Score History
You have not taken this quiz